History Quiz

Random History or State Quiz

States by Historical Photo Quiz Stats

 Plays Quiz Updated Apr 25, 2018

Score 0/50 Timer 15:00
2 Plays Today
% Correct
South Dakota (Construction of Mt. Rushmore)
89.9%
New York (The Kiss [V-J Day])
89.8%
California (1906 San Francisco earthquake)
88.8%
Texas (President Kennedy's motorcade before his assassination)
88%
North Carolina (Wright Brothers' first flight)
86.8%
Alabama (Rosa Parks on a Montgomery bus)
85%
Hawaii (Pearl Harbor attack)
84.4%
Kentucky (Secretariat winning the Kentucky Derby)
82.1%
Nevada (The Rat Pack at the Sands)
81.9%
Washington (Eruption of Mt. St. Helens)
81.3%
Louisiana (Hurricane Katrina evacuees)
78.8%
New Mexico (Trinity nuclear test [Manhattan Project])
77.9%
Alaska (Exxon Valdez oil spill)
76.1%
Oklahoma (Farmer and two sons, Cimarron County [Dust Bowl])
74.8%
Illinois (The Obamas on Election Night)
73.3%
Pennsylvania (Lincoln at Gettysburg)
71.5%
New Jersey (Hindenburg disaster)
68.3%
Tennessee (Assassination of Martin Luther King, Jr.)
67.7%
Arkansas (Little Rock Nine being escorted to school)
66.9%
Georgia (Kerri Strug at 1996 Summer Olympics)
65.4%
Colorado (Columbine High School shooting)
65.3%
West Virginia (Upper Big Branch mine disaster)
65.2%
Utah (Completion of First Transcontinental Railroad)
62.7%
Ohio (National Guard firing tear gas at Kent State)
61%
South Carolina (Confederate flag over Ft. Sumter)
60.8%
% Correct
Florida (President Bush in a Sarasota classroom on September 11)
57.9%
Wyoming (Ansel Adams - 'The Tetons and the Snake River')
57.8%
Oregon (Logging train)
54.7%
Maryland (President Carter with Sadat and Begin at Camp David)
54.6%
Montana (Memorial for the dead at the Battle of Little Bighorn)
52.9%
Delaware (Joe Biden announces presidential bid)
50.9%
Missouri (Dewey Defeats Truman)
49%
Minnesota (I-35W Bridge collapse)
47.9%
North Dakota (Dakota Access Pipeline protest)
47%
Mississippi (Burned car of Chaney, Schwerner and Goodman)
37.7%
Kansas (Dodge City Peace Commission, including Wyatt Earp)
36.7%
Iowa (Howard Dean screaming)
34.9%
Indiana (John Dillinger in Mooresville)
31%
Idaho (Ruby Ridge surveillance photo)
30.8%
Connecticut (Mark Twain at Stormfield)
29.9%
Arizona (Eleanor Roosevelt at Gila River War Relocation Center)
29%
Wisconsin (Joseph McCarthy at home)
28.6%
Vermont (Calvin Coolidge with Henry Ford and Thomas Edison)
27.5%
New Hampshire (Eisenhower visiting the Old Man of the Mountain)
26.8%
Massachusetts (Sacco and Vanzetti)
25%
Maine (Ali vs. Liston II in Lewiston)
24.2%
Rhode Island (Bob Dylan goes 'electric' at Newport Folk Festival)
24.1%
Virginia (Flower Power protest at the Pentagon)
22.1%
Nebraska (William Jennings Bryan at The Commoner's office)
22%
Michigan (Michael Dukakis in an M1 Abrams tank)
18.8%

You're not logged in!

Compare scores with friends on all Sporcle quizzes.
OR
Log In

You Might Also Like...

Show Comments

Extras

Top Quizzes Today


Score Distribution

Your Account Isn't Verified!

In order to create a playlist on Sporcle, you need to verify the email address you used during registration. Go to your Sporcle Settings to finish the process.

Report this User

Report this user for behavior that violates our Community Guidelines.

Details: